Online katalóg knižníc regiónu Turca

Nežná ako noc (Record no. 21993)

MARC details
000 -LEADER
fixed length control field 01616cam a2200445 a 4500
001 - CONTROL NUMBER
control field 21993
003 - CONTROL NUMBER IDENTIFIER
control field VRT
005 - DATE AND TIME OF LATEST TRANSACTION
control field 20260317140052.0
008 - FIXED-LENGTH DATA ELEMENTS--GENERAL INFORMATION
fixed length control field 240801s1999 xo gr 010 f slo
015 ## - NATIONAL BIBLIOGRAPHY NUMBER
National bibliography number SNBA1999/07-02364
020 ## - INTERNATIONAL STANDARD BOOK NUMBER
International Standard Book Number 8071186988
Qualifying information (viazané)
035 ## - SYSTEM CONTROL NUMBER
System control number SNK000314318
035 ## - SYSTEM CONTROL NUMBER
System control number urn:nbn:sk:snk-amkjad
035 ## - SYSTEM CONTROL NUMBER
System control number urn:nbn:sk:snk-am008htw
035 ## - SYSTEM CONTROL NUMBER
System control number 70CDF4BD-3150-4CCF-99E2-88FE227F37D0
039 #9 - LEVEL OF BIBLIOGRAPHIC CONTROL AND CODING DETAIL [OBSOLETE]
Level of rules in bibliographic description 202409260918
Level of effort used to assign nonsubject heading access points csnk01
Level of effort used to assign subject headings 202409260914
Level of effort used to assign classification csnk01
Level of effort used to assign subject headings 202409241113
Level of effort used to assign classification msnk160
Level of effort used to assign subject headings 202409241100
Level of effort used to assign classification msnk160
040 ## - CATALOGING SOURCE
Original cataloging agency SNK
Language of cataloging slo
Transcribing agency SNK
Description conventions AACR2
041 1# - LANGUAGE CODE
Language code of text/sound track or separate title slo
Language code of original eng
044 ## - COUNTRY OF PUBLISHING/PRODUCING ENTITY CODE
MARC country code xo
ISO country code SK
072 #7 - SUBJECT CATEGORY CODE
Subject category code 821.111(73)-3
Subject category code subdivision Americká próza
Source konspekt
080 ## - UNIVERSAL DECIMAL CLASSIFICATION NUMBER
Universal Decimal Classification number 821.111(73)-31
Edition identifier 2011
080 ## - UNIVERSAL DECIMAL CLASSIFICATION NUMBER
Universal Decimal Classification number 821-311.6
Edition identifier 2011
100 1# - MAIN ENTRY--PERSONAL NAME
Personal name McKinney, Meagan,
Dates associated with a name 1961-
Relationship aut
240 10 - UNIFORM TITLE
Uniform title Gentle from the night
Language of a work Slovensky
245 10 - TITLE STATEMENT
Title Nežná ako noc
Statement of responsibility, etc. Meagan McKinneyová ; z anglického originálu Gentle from the night ... preložila Libuša Takáčová
260 ## - PUBLICATION, DISTRIBUTION, ETC.
Place of publication, distribution, etc. Bratislava
Name of publisher, distributor, etc. Ikar
Date of publication, distribution, etc. 1999
300 ## - PHYSICAL DESCRIPTION
Extent 288 strán
Dimensions 21 cm
655 #7 - INDEX TERM--GENRE/FORM
Genre/form data or focus term historické romány
Source of term SNKPH
655 #7 - INDEX TERM--GENRE/FORM
Genre/form data or focus term americké romány
Source of term SNKPH
655 #7 - INDEX TERM--GENRE/FORM
Genre/form data or focus term ľúbostné romány
Source of term SNKPH
700 1# - ADDED ENTRY--PERSONAL NAME
Personal name Takáčová, Libuša
Relationship trl
942 ## - ADDED ENTRY ELEMENTS (KOHA)
Source of classification or shelving scheme Dewey Decimal Classification
Koha item type Krásna literatúra pre dospelých
Suppress in OPAC No
949 ## - LOCAL PROCESSING INFORMATION (OCLC)
6 273K0102211
a svkpoA 174969
b svkpo435686
949 ## - LOCAL PROCESSING INFORMATION (OCLC)
6 2889119995
a savukPV 1661
949 ## - LOCAL PROCESSING INFORMATION (OCLC)
6 270001000090158
a svkbbA 101925
b svkbbm 333618
p 333.618
949 ## - LOCAL PROCESSING INFORMATION (OCLC)
6 17A0191135
a snkSC 98433
b snkKSP 4368/99
s 6100:20140925
949 ## - LOCAL PROCESSING INFORMATION (OCLC)
6 17A0192005
a snkSC 98433 D1
b snkKSP 5126/99
Holdings
Stav vyradenia Strata Poškodenie Spôsob nadobudnutia Domovská knižnica Aktuálna knižnica Dátum nadobudnutia Total checkouts Čiarový kód exemplára Date last seen Typ exemplára
      Dar Obecná knižnica Turčianska Štiavnička Obecná knižnica Turčianska Štiavnička 17.03.2026   4738000480 17.03.2026 Krásna literatúra pre dospelých
Projekt je podporený Slovenskou asociáciou knižníc
Prevádzkuje Turčianska knižnica Martin 2026